000 00814cam a2200217 4500
001 WB4024-07
008 040621n2004 000 0 eng u
035 _a(Sirsi) u126535
245 _aIndustry calls summit to improve university courses
260 _c2004
490 _aBuilding
_v269(8337) 18 June 2004, 18(1)
520 _aA progress report has been published by the body Constructing Excellence. The report looked at ways to improve collaboration between universities and industry. The next phase is to focus on measuring how well they are working together to produce successful courses.
590 _aWB
590 _aWB
650 _aHIGHER EDUCATION
650 _aCONSTRUCTION INDUSTRY
650 _aPERFORMANCE MEASUREMENT
650 _aCOLLABORATION
690 _aEDUCATION
942 _n0
999 _c117555
_d117555